书目信息 |
| 题名: |
企业税收筹划
|
|
| 作者: | 刘芳 , 王韬 编著 | |
| 分册: | ||
| 出版信息: | 北京 科学出版社 2007.06 |
|
| 页数: | 411页 | |
| 开本: | 24cm | |
| 丛书名: | ||
| 单 册: | ||
| 中图分类: | F810.423 | |
| 科图分类: | ||
| 主题词: | 财政 | |
| 电子资源: | ||
| ISBN: | 7-03-010552-3 | |
| 000 | 00625 nam 000229 | |
| 001 | 0100001916 | |
| 005 | 20070902092443.20 | |
| 010 | @a7-03-010552-3@dCNY32.00 | |
| 100 | @a20070806d2007 em y0chiy0121 ea | |
| 101 | @achi | |
| 102 | @aCN@b110000 | |
| 105 | @ay z 000yy | |
| 200 | 10 | @a企业税收筹划@9qi ye shui shou chou hua@f王韬,刘芳编著@Fwang tao , liu fang bian zhu |
| 210 | @a北京@c科学出版社@d2007.06 | |
| 215 | @a411页@d24cm | |
| 606 | @a财政 | |
| 690 | @aF810.423@v4 | |
| 701 | 1 | @a刘芳@9liu fang@4编著 |
| 701 | 0 | @a王韬@9wang tao@4编著 |
| 801 | @aCN@c20070902 | |
| 901 | @a000003 | |
| 905 | @dF810.423@eW366 | |
| 企业税收筹划/王韬,刘芳编著.-北京:科学出版社,2007.06 |
| 411页;24cm |
| ISBN 7-03-010552-3:CNY32.00 |
| ● |
| 相关链接 |
|
|
|
正题名:企业税收筹划
索取号:F810.423/W366
 
预约/预借
| 序号 | 登录号 | 条形码 | 馆藏地/架位号 | 状态 | 备注 |
| 1 | 644095 | 206440957 | 社科库409/409社科库 49排5列2层/ [索取号:F810.423/W366] | 在馆 | |
| 2 | 644096 | 206440966 | 社科库409/409社科库 49排5列2层/ [索取号:F810.423/W366] | 在馆 |